Vybrané uzávierkové práce s dôrazom na účtovnú analýzu bakalárska práca

Gespeichert in:
Bibliographische Detailangaben
1. Verfasser: Jursová, Jana
Körperschaft: Fakulta hospodárskej informatiky EU. Katedra účtovníctva a audítorstva
Weitere Verfasser: Sklenka, Miloš
Format: Buch
Sprache:Slowakisch
Veröffentlicht: Bratislava 2013
Tags: Tag hinzufügen
Keine Tags, Fügen Sie das erste Tag hinzu!

MARC

LEADER 00000nbm a2200000 4500
001 0173220
005 20161109112147.4
041 0 |a slo 
044 |a SK 
245 1 0 |a Vybrané uzávierkové práce s dôrazom na účtovnú analýzu  |b bakalárska práca  |c Jana Jursová ; školiteľ: Miloš Sklenka 
264 1 |a Bratislava  |c 2013 
300 |a 41 s. 
100 1 |a Jursová, Jana 
700 1 |a Sklenka, Miloš 
710 2 |a Fakulta hospodárskej informatiky EU. Katedra účtovníctva a audítorstva